000 01084nam a2200265Ia 4500
001 16339
003 GE_BSU
008 181216s||||||||xx |||||||||||||| ||und||
020 _a999401045
040 _cGE_BSU
080 _a343(479.22)(094.4)
100 _aწულაია, ზაურ
245 _aსისხლის სამართალი კერძო ნაწილი:ტ.1
245 _bსაქართველოს ახალი სისხლის სამართლის კოდექსის 2003წლის 15აპრილის მდგომარეობის მიხედვით
245 _cრედ. გოჩა მამულაიშვილი
250 _aმე-2 გამოცემა
260 _aთბილისი
260 _bინტელქტი
260 _c2003
300 _a368გვ;20სმ.
541 _h15ლ.
653 _aსამართალი
653 _aსისხლის სამართლის კერძო ნაწილი
942 _cBK
999 _c49419
_d49419